|
|
|
|
| LEADER |
00000cam a2200000 a 4500 |
| 001 |
vtls010099274 |
| 003 |
SK-MaSNL |
| 005 |
20260425235607.0 |
| 008 |
240314s2009 xxkbl g 001 0 eng |
| 020 |
|
|
|a 9780230214606
|q (brož.)
|
| 040 |
|
|
|a SNK
|b slo
|c SNK
|e AACR2
|
| 041 |
0 |
|
|a eng
|
| 043 |
|
|
|a ee-----
|
| 044 |
|
|
|a xxk
|c GB
|
| 072 |
|
7 |
|a 94(4)
|x Dejiny Európy
|2 konspekt
|
| 080 |
|
|
|a 94(4-11)
|2 2001
|
| 080 |
|
|
|a (048.8)
|2 2001
|
| 100 |
1 |
|
|a Swain, Geoffrey
|4 aut
|9 541942
|
| 245 |
1 |
0 |
|a Eastern Europe since 1945
|c Geoffrey Swain and Nigel Swain
|
| 250 |
|
|
|a 4th ed.
|
| 260 |
|
|
|a Basingstoke
|b Palgrave MacMillan
|c 2009
|
| 300 |
|
|
|a xxi, 335 s.
|b mp., tab.
|c 22 cm
|
| 504 |
|
|
|a Obsahuje bibliogr. a reg.
|
| 651 |
|
7 |
|a Európa východná
|2 SNKPH
|9 167635
|
| 655 |
|
7 |
|a monografie
|2 SNKPH
|9 70139
|
| 700 |
1 |
|
|a Swain, Nigel
|4 aut
|9 342674
|
| 919 |
|
|
|a 978-0-230-21460-6
|
| 999 |
|
|
|c 833656
|d 835586
|
| 952 |
|
|
|a SNK
|b SNK
|y VYP
|7 0
|p 17A0664651
|o snkIC 138839
|i snk2010/14613
|8 2
|g 22.00
|0 0
|1 0
|4 0
|d 2010-05-26
|l 0
|r 2026-02-24 03:45:50
|w 2026-02-24
|